A valóság a fontos

Bibliographic Details
Other Authors: Tilajcsík, Dóra (Interviewer)
Format: Article
Language:Hungarian
PhysicalDescription:Fotografie
ISSN:1336-3638
Subjects:

MARC

LEADER 00000nab a2200000 4500
001 vtls011874635
003 SK-MaSNL
005 20260318123542.0
008 190701|2019 xo |||| || ||00 0|hun
015 |a SNBRB2019/06 
040 |a DSZK  |b slo  |c DSZK  |e rda 
041 |a hun 
043 |a e-xo--- 
044 |a xo  |c SK 
072 7 |a 78.07  |x Hudobníci, skladatelia a iné hudobné povolania  |2 konspekt 
080 |a 78.071.2(439)  |2 2011 
100 1 |a Tilajcsík, Dóra  |4 ivr  |9 1087027 
245 1 0 |a A valóság a fontos  |c Tilajcsík Dóra, Pataky Attila 
300 |b Fotografie 
336 |a text  |b txt  |2 rdacontent 
337 |a bez média  |b n  |2 rdamedia 
338 |a zväzok  |b nc  |2 rdacarrier 
546 |a Dvojjazyčné vydanie 
600 1 7 |a Pataky, Attila,  |d 1951-  |2 dszk 
650 0 7 |a speváci  |2 SNKPH  |9 2848 
650 0 7 |a hosťovanie  |2 dszk  |9 347282 
651 7 |a Gabčíkovo (Slovensko)  |2 SNKPHgeo  |9 23512 
700 1 |a Pataky, Attila,  |d 1951-  |4 ive 
773 0 |t Csallóköz  |g Évf. 59, sz. 26 (2019), o. 22-23  |x 1336-3638 
852 |a DSZK  |b KIS3GCP 
958 |a SK 
958 |a HU 
958 |a RG 
999 |c 2643713  |d 2645643